000 00358nam a2200145 i 4500
001 bg
100 1 _aMALEY, Alan
245 0 _aThe inward ear :
_bpoetry in the language classroom /
_cA. Maley, A. Duff.
260 _aCambridge,
_c1990.
700 1 _aDUFF, Alan
040 _cBPK
041 _apol
942 _cKS
008 s pl f |000 0 pol
999 _c5479
_d5479
856 _uhttp://koha.tu.koszalin.pl/cgi-bin/koha/opac-detail.pl?biblionumber=5479
_yKatalog online BPK